| 000 | 00535nam a22002057a 4500 | ||
|---|---|---|---|
| 003 | OSt | ||
| 005 | 20150526135849.0 | ||
| 008 | 150430b xxu||||| |||| 00| 0 eng d | ||
| 020 | _a019568527X | ||
| 040 | _cDDC | ||
| 082 |
_222nd ed. _a531.1 MIC 2006 |
||
| 100 |
_aMccomb, W.D _91017 |
||
| 245 | _aDynamics and relativity | ||
| 260 |
_aOxford University Press _c2006 |
||
| 300 |
_axix,372p; _bill: _c24cm |
||
| 504 | _aAppendices, & index included | ||
| 650 |
_aDynamics _94401 |
||
| 650 |
_aRelativity _94402 |
||
| 942 |
_2ddc _cO_SHELF |
||
| 999 |
_c1668 _d1668 |
||